Đề thi môn viết tiếng Anh trình độ C (gồm thang điểm và bài thi, đề thi mẫu và đề luyện thi)
Guardado en:
| Autor principal: | |
|---|---|
| Formato: | Libro |
| Lenguaje: | Undetermined |
| Publicado: |
Đồng Nai
Nxb. Đồng Nai
1998
|
| Materias: | |
| Etiquetas: |
Agregar Etiqueta
Sin Etiquetas, Sea el primero en etiquetar este registro!
|
| Thư viện lưu trữ: | Trung tâm Học liệu Trường Đại học Cần Thơ |
|---|
| LEADER | 00660nam a2200193Ia 4500 | ||
|---|---|---|---|
| 001 | CTU_28760 | ||
| 008 | 210402s9999 xx 000 0 und d | ||
| 020 | |b 21.000đ | ||
| 082 | |a 428 | ||
| 082 | |b Ph561C | ||
| 100 | |a Nguyễn Hà Phương | ||
| 245 | 0 | |a Đề thi môn viết tiếng Anh trình độ C (gồm thang điểm và bài thi, đề thi mẫu và đề luyện thi) | |
| 245 | 0 | |c Nguyễn Hà Phương | |
| 260 | |a Đồng Nai | ||
| 260 | |b Nxb. Đồng Nai | ||
| 260 | |c 1998 | ||
| 650 | |a english language - writing | ||
| 904 | |i Minh, 990304 | ||
| 980 | |a Trung tâm Học liệu Trường Đại học Cần Thơ | ||